<?xml version="1.0" encoding="UTF-8"?>
<collection xmlns="http://www.loc.gov/MARC21/slim">
<record>
  <controlfield tag="001">2595</controlfield>
  <controlfield tag="005">20160701171707.0</controlfield>
  <datafield tag="037" ind1=" " ind2=" ">
    <subfield code="a">ASTROimport-752</subfield>
  </datafield>
  <datafield tag="100" ind1=" " ind2=" ">
    <subfield code="a">de Cuyper, J.-P.</subfield>
  </datafield>
  <datafield tag="260" ind1=" " ind2=" ">
    <subfield code="c">2007</subfield>
  </datafield>
  <datafield tag="245" ind1=" " ind2=" ">
    <subfield code="a">HERMES, a High-Resolution, Fiber-Fed Spectrograph for the MERCATOR Telescope</subfield>
  </datafield>
  <datafield tag="520" ind1=" " ind2=" ">
    <subfield code="a">HERMES is a high-resolution, fiber-fed, echelle spectrograph that is optimized for high throughput and high instrumental stability, recording the complete spectrum from 380~nm to 900 nm in a single exposure. The project involves the Institute of Astronomy of the K. U. Leuven (Belgium), the Royal Observatory of Belgium,  the Institut d'Astronomie et d'Astrophysique of the U. L. B. (Belgium), the Thringer Landessternwarte Tautenburg (Germany) and the Observatoire de Genève (Switzerland). HERMES will be mounted on the Flemish MERCATOR telescope at La Palma, Spain. </subfield>
  </datafield>
  <datafield tag="700" ind1=" " ind2=" ">
    <subfield code="a"> Hensberge, H.</subfield>
  </datafield>
  <datafield tag="700" ind1=" " ind2=" ">
    <subfield code="a"> Raskin, G.</subfield>
  </datafield>
  <datafield tag="700" ind1=" " ind2=" ">
    <subfield code="a"> van Winckel, H.</subfield>
  </datafield>
  <datafield tag="700" ind1=" " ind2=" ">
    <subfield code="a"> Lehmann, H.</subfield>
  </datafield>
  <datafield tag="700" ind1=" " ind2=" ">
    <subfield code="a"> Winkler, J.</subfield>
  </datafield>
  <datafield tag="700" ind1=" " ind2=" ">
    <subfield code="a"> Laux, U.</subfield>
  </datafield>
  <datafield tag="773" ind1=" " ind2=" ">
    <subfield code="p">Astronomical Data Analysis Software and Systems XVI</subfield>
    <subfield code="v">376</subfield>
    <subfield code="y">2007</subfield>
    <subfield code="c">653</subfield>
  </datafield>
  <datafield tag="856" ind1="4" ind2="2">
    <subfield code="a">http://esoads.eso.org/abs/2007ASPC..376..653D</subfield>
  </datafield>
  <datafield tag="905" ind1=" " ind2=" ">
    <subfield code="a">published in</subfield>
  </datafield>
  <datafield tag="980" ind1=" " ind2=" ">
    <subfield code="a">NONREF</subfield>
  </datafield>
</record>
</collection>